Introducing Probability and Statistics (Record no. 347397)
[ view plain ]
| 000 -LEADER | |
|---|---|
| fixed length control field | 00352 a2200109 4500 |
| 082 ## - DEWEY DECIMAL CLASSIFICATION NUMBER | |
| Classification number | 519.5 |
| 090 ## - LOCALLY ASSIGNED LC-TYPE CALL NUMBER (OCLC); LOCAL CALL NUMBER (RLIN) | |
| -- | 4969 |
| -- | 4969 |
| 100 ## - MAIN ENTRY--PERSONAL NAME | |
| Personal name | Arora, Sanjjay. |
| 245 ## - TITLE STATEMENT | |
| Title | Introducing Probability and Statistics |
| Remainder of title | A Problem-Oriented Uncluttered Friendly Approach |
| Statement of responsibility, etc. | Sanjay Arora, Bansi Lal |
| 260 ## - PUBLICATION, DISTRIBUTION, ETC. | |
| Place of publication, distribution, etc. | Satya Prakashan |
| Name of publisher, distributor, etc. | New Delhi |
| Date of publication, distribution, etc. | 1994 |
| 942 ## - ADDED ENTRY ELEMENTS (KOHA) | |
| Institution code [OBSOLETE] | NBS |
| Koha item type | Book |
| Call number prefix | 519.5 ARO |
| Withdrawn status | Lost status | Damaged status | Not for loan | Permanent Location | Current Location | Date acquired | Total Checkouts | Total Renewals | Full call number | Barcode | Date last seen | Date last checked out | Price effective from | Koha item type |
|---|---|---|---|---|---|---|---|---|---|---|---|---|---|---|
| Central Library (CL) | Central Library (CL) | 08/28/2013 | 1 | 3 | 519.5 ARO | NBS2401 | 06/11/2022 | 08/24/2017 | 08/28/2013 | Book |
